| 000 | 00728cam a22002411 4500 | ||
|---|---|---|---|
| 999 |
_c130306 _d130306 |
||
| 001 | 10285960 | ||
| 003 | ARRUPE | ||
| 005 | 20200205094500.0 | ||
| 008 | 720626s1958 nyua 000 0beng | ||
| 010 | _a 58013192 | ||
| 035 | _a(OCoLC)341560 | ||
| 040 |
_aDLC _cODaWU _dOCoLC _dDLC |
||
| 041 | 1 |
_aeng _hfre |
|
| 042 | _apremarc | ||
| 050 | 0 | 0 |
_aPQ2436.A2 _bV43 1958 |
| 082 | _a928.4 | ||
| 100 | 1 |
_aStendhal, _d1783-1842. _949380 |
|
| 245 | 1 | 4 |
_aThe life of Henry Brulard _c[by] Stendhal [pseud.] Translated by Jean Stewart and B.C.J.G. Knight. |
| 260 |
_aNew York, _bThe Merlin Press _c[1958] |
||
| 300 |
_aviii, 347 p. _billus. _c22 cm. |
||
| 906 |
_a7 _bcbc _coclcrpl _du _encip _f19 _gy-gencatlg |
||
| 942 |
_2lcc _cMONOGRAPH |
||